00355nam a2200133Ia 4500008004100000020001500041041001200056100001800068245006300086260003500149300000800184650001400192700001500206221030s9999 xx 000 0 und d a8121902630 aEnglish aSatya Prakash 0aAdvanced Inorganic Chemistrycby Satya Prakash, G. D. Tuli bS. Chand & CoaNew Delhic1987 a990 aChemistry aG. D. Tuli